| 000 | 01124aab a2200373a 44500 | ||
|---|---|---|---|
| 008 | 140430s2013 cat | ||
| 041 | _acat | ||
| 100 |
_aArrizabalaga, Antoni _964503 |
||
| 245 | _aNoms comuns de les papallones diürnes (ropalòcers)catalanes | ||
| 245 | _cAntoni Arrizabalaga [et al.] | ||
| 260 | _c2013 | ||
| 300 | _ap. 7-14 | ||
| 500 | _aNom científic | ||
| 500 | _aReferències bibliogràfiques | ||
| 520 | _a214 | ||
| 592 | _aObra terminològica | ||
| 593 | _aDGG | ||
| 650 |
_apapallones _967074 |
||
| 700 |
_aDantart, Jordi _971319 |
||
| 700 |
_aDinca, Vlad _973836 |
||
| 700 |
_aJubany, Jordi _971320 |
||
| 700 |
_aSesma, José Manuel _973834 |
||
| 700 |
_aStefanescu, Constantí _973832 |
||
| 700 |
_aVallhonrat, Francesc _972838 |
||
| 700 |
_aViader, Santi _973835 |
||
| 700 |
_aVila, Roger _973833 |
||
| 773 | _g(<2013>), núm 104 | ||
| 773 | _tButlletí de la Societat Catalana de Lepidopterologia | ||
| 901 | _c(<2013>) | ||
| 902 | _a140430 | ||
| 942 |
_cAS _n0 |
||
| 999 |
_c66304 _d66304 |
||